Title in the Lyrics - Oasis - Statistics

General Stats
  • This quiz has been taken 218 times
  • The average score is 8 of 12
Answer Stats
Album Song Lyric % Correct
(What's the Story) Morning Glory? Because maybe / You're gonna be the one that saves me / and after all / you're my {Wonderwall}
98%
(What's the Story) Morning Glory? And so Sally can wait / she knows it's too late as she's walking on by / Her soul slides away / But {Don't} {look} {back} {in} {anger}, I heard you say
97%
(What's the Story) Morning Glory? Someday you will find me / Caught beneath the landslide / with a {Champagne} {Supernova} in the sky
92%
Definitely Maybe I think you're the same as me / we see things they'll never see / You and I are Gonna {Live} {Forever}
87%
Definitely Maybe I need to be myself / I can be no one else / I'm feeling {Supersonic} / Give me gin and tonic / You can have it all, but how much do you want it?
83%
Be Here Now {Stand} {By} {Me} / Nobody Knows the way it's gonna be
62%
Definitely Maybe {Slide} {Away} and give it all you got / My today fell in from the top
60%
The Masterplan {Half} {the} {World} {Away} / I've been lost / I've been found / But I don't feel down
51%
Heathen Chemistry Talking to the {Songbird} yesterday / Flew me to a place not far away / she's a little pilot in my mind / Singing songs of love to pass the time
48%
Heathen Chemistry And it just don't matter now / 'Cause {Little} {by} {Little} / We gave you everything you ever dreamed of
47%
Be Here Now {All} {Around} {The} {World} / You've gotta spread the word / Tell 'em what you heard / you're gonna make a better day
43%
Don't Believe the Truth A star's about to fall / So what do you say {Lyla}? / The world around us makes me feel so small
43%
No matching quizzes found
Score Distribution
Percent of People with Each Score
Percentile by Number Answered
Your Score History
You have not taken this quiz